000 00310nam a2200109Ia 4500
008 200302s9999 xx 000 0 und d
100 _aMO Zell
245 _aThe Architectural Drawing Course Understand the Principles and Master the Practices
260 _bThames and Hudson Ltd.
260 _c2014
300 _a144
999 _c3627
_d3627